Music Quiz

Random Music or Song Quiz
Score 0/156 Timer 08:00
0 Plays Today
% Correct
I
99.3%
I
99.3%
I
99.3%
I
99.3%
I
99.3%
a
98.8%
a
98.8%
a
98.8%
a
98.8%
a
98.8%
a
98.8%
to
97.9%
to
97.9%
to
97.9%
to
97.9%
to
97.9%
Apologize.
97.3%
Apologize.
97.3%
Apologize.
97.3%
Apologize.
97.3%
late
97%
late.
97%
late
97%
late.
97%
late
97%
late.
97%
late
97%
late.
97%
it's
96.9%
It's
96.9%
it's
96.9%
It's
96.9%
it's
96.9%
it's
96.9%
it's
96.9%
It's
96.9%
it's
96.9%
It's
96.9%
too
96.5%
too
96.5%
too
96.5%
too
96.5%
too
96.5%
too
96.5%
too
96.5%
too
96.5%
the
96.3%
the
96.3%
the
96.3%
you
96.2%
You
96.2%
you
96.2%
% Correct
you
96.2%
You
96.2%
you,
96.2%
you
96.2%
you
96.2%
you
96.2%
you,
96.2%
me
95.5%
me
95.5%
me,
95.5%
me
95.5%
me
95.5%
me
95.5%
me
95.5%
go
93.6%
and
93.4%
and
93.4%
and
93.4%
and
93.4%
I'm
93.2%
I'm
93.2%
I'm
93.2%
I'm
93.2%
on
92.6%
on
92.6%
off
92.5%
off
92.5%
feet
92.3%
ground,
92.3%
feet
92.3%
ground.
92.3%
say,
92.2%
say
92.2%
say
92.2%
ten
91.2%
ten
91.2%
your
91.2%
your
91.2%
but
91.1%
but,
91.1%
but
91.1%
but
91.1%
got
90.5%
got
90.5%
that
90.2%
that
90.2%
that
90.2%
said,
89.8%
said,
89.8%
can't
89.4%
tell
88.9%
tell
88.9%
% Correct
just
88.3%
need
88.2%
need
88.2%
make
88%
sound.
88%
what
87.8%
then
87.2%
holding
87.1%
holding
87.1%
hearing
86%
down,
86%
sorry;
85.8%
sorry
85.8%
turn
85.1%
you're
84.3%
think
82.2%
think
82.2%
around
81.8%
rope;
80.5%
rope;
80.5%
like
79.9%
like
79.9%
cut
79.6%
didn't
78.5%
now,
77.3%
I'd
77.2%
I'd
77.2%
blue,
76%
fire
74.5%
for
73.9%
turning
72.8%
wait.
71.2%
needs
71%
loved
71%
take
70.7%
take
70.7%
take
70.7%
heart
70.6%
beat,
70.2%
angel
70%
afraid
69.5%
red;
69.3%
shot
68.3%
with
65.9%
let
65%
was
64.8%
heaven
63%
nothing
61.7%
new.
61.7%
another
61.4%
fall,
59.8%
chance;
55.8%
Remove Ads.
Support Sporcle.
Get the best of Sporcle when you Go Orange. This ad-free experience offers more features, more stats, and more fun while also helping to support Sporcle. Thank you for becoming a member.

You're not logged in!

Compare scores with friends on all Sporcle quizzes.
OR
Log In

Show Comments

Extras

Top Quizzes Today


Score Distribution

Your Account Isn't Verified!

In order to create a playlist on Sporcle, you need to verify the email address you used during registration. Go to your Sporcle Settings to finish the process.

Report this User

Report this user for behavior that violates our Community Guidelines.

Details: